| 000 | 00637nam a2200229Ia 4500 | ||
|---|---|---|---|
| 003 | OSt | ||
| 005 | 20220928133040.0 | ||
| 006 | a|||||r|||| 00| 0 | ||
| 007 | ta | ||
| 008 | 220927b |||||||| |||| 00| 0 eng d | ||
| 024 | _a62590 | ||
| 037 | _cTextual | ||
| 040 |
_aSDCL _cSDCL _beng |
||
| 041 |
_2eng _aeng |
||
| 082 | _aND271,J9(Q), M9.1-.2 | ||
| 100 |
_aShrivastava Shashibala _9484142 |
||
| 245 | 0 | _aBhartia mandir evam dev-murtiya | |
| 260 |
_aDelhi _bRamanand Vidya Bhawan _c1989 |
||
| 490 | _vV2:444p | ||
| 942 |
_hND271,J9(Q), M9.1-.2 _cTEXL _2CC |
||
| 999 |
_c797507 _d797507 |
||